000 00203nam a22001097a 4500
041 _aeng
080 _a80
100 _aMensing, Otto
245 _aDeutsche Grammatik
650 _aGerman
999 _c281808
_d281808
942 _cBK